000 00420nam a2200169 a 4500
005 20140414132059.0
008 100624s19uu xx 00 eng d
020 _a0-439-33927-8
050 _aFIC
_bB54 2002
100 _aBisson, Terry
245 _aThe fight to survive.
260 _aNew York :
_bScholastic Inc,
_c2002.
300 _a157
440 _aStar Wars Boba Feti
999 _c114412
_d114412